Tous les cyclistes français du Tour de France (2010-....) - Statistiques

Statistiques générales
  • Ce quiz a été pris 1 238 fois
    795 depuis la dernière actualisation
  • Le résultat moyen est 36 sur 145
Statistiques - réponses
Nb de Tours Equipes Cycliste Meilleur classement Victoire(s) d'étape % Correct
8 AG2R, DSM Romain Bardet 2e 3
96%
9 FDJ Thibaut Pinot 3e 3
96%
8 Bouygues, Europcar, Direct Energie Thomas Voeckler 4e 3
90%
12 Bouygues, Europcar, Cannondale, Education First, Vital Concept, B&B Pierre Rolland 8e 2
87%
5 Quick Step Julian Alaphilippe 5e 6
86%
8 Giant, Sunweb, Fortuneo, Arkéa Warren Barguil 10e 2
84%
5 FDJ David Gaudu 4e
80%
5 FDJ Arnaud Démare 138e 2
76%
1 FDJ Sébastien Chavanel 160e
76%
9 Quick Step, IAM, Direct Energie Sylvain Chavanel 25e 2
76%
8 Cofidis, Jumbo-Visma Christophe Laporte 75e 1
73%
10 Cofidis, RadioShack, Lotto, AG2R, Trek Tony Gallopin 21e 1
73%
6 Wanty-Groupe Gobert, Cofidis Guillaume Martin 8e
70%
5 Europcar, Direct Energie, Vital Concept, B&B Bryan Coquard 104e
67%
3 FDJ Valentin Madouas 11e
65%
4 FDJ, Cofidis, Arkéa Nacer Bouhanni 138e
63%
4 Direct Energie Lilian Calmejane 30e 1
58%
5 AG2R Jean-Christophe Péraud 2e
52%
5 AG2R, Total Pierre Latour 13e
50%
6 AG2R Christophe Riblon 28e 2
46%
8 Sojasun, AG2R, Total Alexis Vuillermoz 13e 1
44%
1 Quick Step Rémi Cavagna 113e
44%
3 Cofidis, Quick Step Florian Sénéchal 107e
41%
5 Cofidis, Direct Energie, Total Anthony Turgis 73e
40%
10 Bouygues, Europcar, AG2R, Vital Concept, B&B Cyril Gautier 25e
40%
3 Trek-Segafredo Julien Bernard 30e
40%
3 Wanty-Groupe Gobert Yoann Offredo 91e
39%
2 AG2R Nans Peters 65e 1
38%
4 AG2R Blel Kadri 84e 1
36%
2 Trek-Segafredo Kenny Elissonde 25e
36%
4 AG2R Benoît Cosnefroy 91e
35%
2 AG2R Aurélien Paret-Peintre 15e
34%
6 Sojasun, Bretagne, Fortuneo Brice Feillu 16e
34%
7 AG2R Mikaël Chérel 18e
34%
4 Bouygues, FDJ, Bretagne Pierrick Fédrigo 48e 2
34%
2 Vacansoleil, Bretagne Romain Feillu 150e
34%
9 Cofidis, BMC, Fortuneo, Arkéa Amaël Moinard 32e
32%
3 FDJ Cédric Pineau 102e
31%
5 Quick Step, IAM Jérôme Pineau 54e
31%
3 FDJ Sandy Casar 22e
31%
1 Cofidis Victor Lafay Abandon
31%
6 Cofidis, FDJ Rudy Molard 33e
30%
7 FDJ Matthieu Ladagnous 71e
29%
4 Cofidis, Direct Energie, Wanty Adrien Petit 111e
28%
8 Sojasun, Cofidis, Total Julien Simon 87e
28%
7 Euskatel-Euskadi, Europcar, Direct Energie Romain Sicard 31e
28%
5 Cofidis Anthony Perez 84e
26%
7 FDJ Arthur Vichot 41e
26%
2 Direct Energie, Total Mathieu Burgaudeau 68e
26%
3 FDJ Olivier Le Gac 88e
26%
6 Cofidis, AG2R Samuel Dumoulin 90e
26%
1 FDJ Bruno Armirail 83e
25%
2 Vital Concept, B&B Quentin Pacher 35e
25%
5 FDJ Anthony Roux 63e
24%
3 Cofidis, Direct Energie Geoffrey Soupe 123e
24%
4 AG2R, Movistar John Gadret 19e
24%
3 Europcar, Vital Concept Kévin Réza 73e
24%
7 Bretagne, Fortuneo, Cofidis Pierre-Luc Périchon 42e
24%
7 FDJ William Bonnet 127e
24%
1 Cofidis Benjamin Thomas 54e
23%
1 Ineos Pavel Sivakov 87e
23%
1 Caisse d'Epargne Christophe Moreau 22e
22%
2 B&B Franck Bonnamour 22e
22%
5 Sojasun, Cofidis, IAM Jérôme Coppel 13e
22%
8 Sojasun, Bretagne, Fortuneo, Arkéa Anthony Delaplace 78e
21%
2 Fortuneo Laurent Pichon 98e
21%
4 Fortuneo, Arkéa Elie Gesbert 61e
20%
2 Israel Start-Up Nation, Arkéa Hugo Hofstetter 82e
20%
8 AG2R, Fortuneo, Arkéa Maxime Bouet 42e
20%
3 AG2R, B&B Alexis Gougeard 89e
19%
2 Cofidis David Moncoutié 41e
19%
7 FDJ Jérémy Roy 57e
19%
1 Cofidis Stéphane Rossetto 100e
19%
2 FDJ Alexandre Geniez 44e
18%
2 FDJ, Cofidis Christophe Le Mével 42e
17%
2 Bouygues, Europcar Anthony Charteau 44e
16%
1 AG2R Dorian Godon 75e
16%
3 AG2R Hubert Dupont 22e
16%
4 FDJ, Cofidis Arnold Jeannesson 14e
15%
8 Cofidis Nicolas Edet 43e
15%
7 Europcar, Direct Energie Yohann Gène 128e
14%
3 Vital Concept, B&B Cyril Barthe 80e
13%
7 Sojasun, Cofidis, B&B Cyril Lemoine 110e
13%
3 Direct Energie Fabien Grellier 117e
13%
4 Europcar, Cofidis, Direct Energie Jérôme Cousin 93e
13%
4 Europcar, Direct Energie Perrig Quéméneur 74e
13%
3 Cofidis, Europcar Christophe Kern 83e
12%
2 Arkéa Clément Russo 133e
12%
1 AG2R Clément Venturini 104e
12%
6 Bretagne, Fortuneo, Arkéa Florian Vachon 88e
12%
2 Sojasun Jonathan Hivert 97e
12%
1 Arkéa Mathis Louvel 74e
12%
3 FDJ, Astana, Cofidis Rémy Di Gregorio 39e
12%
2 FDJ Benoît Vaugrenard 96e
11%
2 AG2R, Direct Energie Damien Gaudin 140e
11%
1 AG2R Geoffrey Bouchard Abandon
11%
4 Lotto, FDJ Mickaël Delage 132e
11%
1 AG2R Dimitri Champion 129e
10%
1 Direct Energie Paul Ourselin 95e
10%
2 AG2R Sébastien Hinault 111e
10%
2 Bouygues, Europcar Sébastien Turgot 113e
10%
3 Bretagne, Fortuneo Armindo Fonseca 119e
9%
1 Europcar Giovanni Bernaudeau Abandon
9%
3 Fortuneo, Arkéa Kévin Ledanois 96e
9%
2 Vital Concept, B&B Maxime Chevalier 93e
9%
2 Direct Energie Thomas Boudat 89e
9%
3 Europcar, Direct Energie Angélo Tulik 89e
8%
2 Bretagne Arnaud Gérard 132e
7%
2 AG2R Axel Domont 68e
7%
3 Cofidis, Sojasun Julien El Fares 27e
7%
2 Fortuneo Romain Hardy 26e
7%
5 Cofidis, AG2R Sébastien Minard 65e
7%
1 Europcar Bryan Nauleau 157e
6%
1 Total Fabien Doubey 78e
6%
3 Sojasun, Direct Energie Fabrice Jeandesboz 54e
6%
1 B&B Jérémy Lecroq 126e
6%
2 Sojasun Jimmy Engoulvent 153e
6%
1 Bouygues Nicolas Vogondy 88e
6%
2 Europcar Vincent Jérôme 155e
6%
1 Europcar Alexandre Pichot 107e
5%
1 FDJ Anthony Geslin 146e
5%
1 Bretagne Frédéric Brun 141e
5%
3 Sojasun, Cannondale Jean-Marc Marino 116e
5%
1 Total Jérémy Cabot 132e
5%
1 Sojasun Maxime Médérel 52e
5%
1 Sojasun Arnaud Coyot 148e
4%
1 Caisse d'Epargne Mathieu Perget 64e
4%
2 Cofidis, FDJ Rémi Pauriol 38e
4%
1 Sojasun Yannick Talabardon 47e
4%
1 Bretagne Benoît Jarrier 152e
3%
1 Cofidis Damien Monier 71e
3%
1 AG2R David Le Lay Abandon
3%
1 Bretagne Florian Guillou 62e
3%
2 Sojasun, Cofidis Guillaume Levarlet 61e
3%
1 Bretagne Jean-Marc Bideau 115e
3%
1 Cofidis Julien Fouchard 149e
3%
1 Sojasun Laurent Mangel 122e
3%
2 Bouygues, Argos-Shimano Matthieu Sprick 100e
3%
1 Cofidis Mickaël Buffaz 131e
3%
1 Cofidis Stéphane Augé 153e
3%
1 Cofidis Tristan Valentin 118e
3%
1 Argos-Shimano Yann Huguet 138e
3%
1 Cofidis Yoann Bagot Abandon
3%
1 Sojasun Jérémie Galland 138e
2%
1 Lampre Yuriy Krivtsov Abandon
2%
Aucun quiz correspondant
Distribution des résultats
% des personnes avec chaque résultat
Percentile par nombre de réponses
Votre historique - résultats
Vous n’avez pas pris ce quiz depuis la dernière actualisation